| 000 | 00515nam a22001457a 4500 | ||
|---|---|---|---|
| 999 |
_c134071 _d134071 |
||
| 005 | 20240510115327.0 | ||
| 008 | 240510b ||||| |||| 00| 0 eng d | ||
| 040 | _cPK-LaUMT | ||
| 082 |
_aAPC 297.246 _bTAH-P |
||
| 100 | _aTahir Hassan Qureshi, Muhammad = طاہر حسن قریشی، محمد | ||
| 245 |
_aPaighambar sehra Hazrt Ismael Alehsalam = / _cby Muhammad Tahir Hassan Qureshi = محمد طاہر حسن قریشی |
||
| 260 |
_aLahore : _bDin Muhammadi Press, _c1980 |
||
| 300 | _a198 p. | ||
| 942 | _cBK | ||